Library of the University of Algiers 3
Ibrahim Sultan Cheibout
شعار جامعة الجزائر 3
مكتبة جامعة الجزائر 3
إبراهيم سلطان شيبوط

البعد المحاسبي لجدوى تقييم المشروعات الإستثمارية / (رقم التسجيلة. 42404)

تفاصيل مارك
000 -LEADER
fixed length control field 01690nam a2200229Ia 4500
003 - CONTROL NUMBER IDENTIFIER
control field Ost
005 - DATE AND TIME OF LATEST TRANSACTION
control field 20260507075031.0
008 - FIXED-LENGTH DATA ELEMENTS--GENERAL INFORMATION
fixed length control field 260507s9999||||xx |||||||||||||| ||und||
020 ## - INTERNATIONAL STANDARD BOOK NUMBER
International Standard Book Number 9957112031
040 ## - CATALOGING SOURCE
Transcribing agency fsecg
041 ## - LANGUAGE CODE
Language code of text/sound track or separate title ara
082 ## - DEWEY DECIMAL CLASSIFICATION NUMBER
Classification number 330
100 ## - MAIN ENTRY--PERSONAL NAME
Personal name الراوى، حكمت أحمد
Relator term مؤلف
245 #0 - TITLE STATEMENT
Title البعد المحاسبي لجدوى تقييم المشروعات الإستثمارية /
Statement of responsibility, etc. حكمت أحمد الراوى
260 ## - PUBLICATION, DISTRIBUTION, ETC.
Place of publication, distribution, etc. عمان:
Name of publisher, distributor, etc. مكتبة الفلاح,
Date of publication, distribution, etc. 2001
300 ## - PHYSICAL DESCRIPTION
Extent 447 صفحة؛
Other physical details إيضاحات ؛
Dimensions 24 سم
520 ## - SUMMARY, ETC.
Summary, etc. مفهوم جدوى تقييم المشروعات الإستثمارية- الموازنات الرأسمالية وخطوات تقيمها- التحليل الكمي لجدوى تقييم المشروعات- الأجهزة المشرفة على تقويم المشروعات الإستثمارية- التدفقات النقدية ومشكلات قياسها- القيمة الحالية للتدفقات النقدية- المحاسبة عن تقلبات الأسعار وأثارها على تقييم المشروعات الإستثمارية- النماذج التقليدية لتقييم المشروعات الإستثمارية- البيئة المحاسبية والنفايات- استخدام الحاسوب في جدوى تقييم المشروعات الإستثمارية- التدقيق وجدوى المشروعات الإستثمارية- الأسس العلمية لصياغة تقرير جدوى تقييم المشروعات الإستثمارية
653 ## - INDEX TERM--UNCONTROLLED
Uncontrolled term المشروعات
653 ## - INDEX TERM--UNCONTROLLED
Uncontrolled term تقييم الأداء
653 ## - INDEX TERM--UNCONTROLLED
Uncontrolled term دراسة الجدوى
942 ## - ADDED ENTRY ELEMENTS (KOHA)
Koha item type كتب
المقتنيات
Withdrawn status Lost status Source of classification or shelving scheme Damaged status Not for loan Home library Current library Date acquired Serial enumeration / chronology Inventory number Total checkouts Full call number Barcode Date last seen Price effective from Koha item type
    Dewey Decimal Classification   NOT LOAN / إعارة داخلية مكتبة كلية العلوم الإقتصادية والعلوم التجارية وعلوم التسيير مكتبة كلية العلوم الإقتصادية والعلوم التجارية وعلوم التسيير 07/05/2026 الطابق الأرضي 1/248   أ/248ن1 1/248 07/05/2026 07/05/2026 كتب
    Dewey Decimal Classification   Available مكتبة كلية العلوم الإقتصادية والعلوم التجارية وعلوم التسيير مكتبة كلية العلوم الإقتصادية والعلوم التجارية وعلوم التسيير 07/05/2026 الطابق الأرضي 2/248   أ/248ن2 2/248 07/05/2026 07/05/2026 كتب
    Dewey Decimal Classification   Available مكتبة كلية العلوم الإقتصادية والعلوم التجارية وعلوم التسيير مكتبة كلية العلوم الإقتصادية والعلوم التجارية وعلوم التسيير 07/05/2026 الطابق الثاني 3/248   أ/248ن3 3/248 07/05/2026 07/05/2026 كتب
    Dewey Decimal Classification   Available مكتبة كلية العلوم الإقتصادية والعلوم التجارية وعلوم التسيير مكتبة كلية العلوم الإقتصادية والعلوم التجارية وعلوم التسيير 07/05/2026 الطابق الثاني 4/248   أ/248ن4 4/248 07/05/2026 07/05/2026 كتب

موارد الويب المفتوحة


© University of Algiers 3 All Rights Reserved
|
Implemented by LECHELAH Riad